Safe at home : --breaking the cycle of violence in Texas families : Senate Human Resources Committee 1982 report and recommendations.

Bibliographic Details
Corporate Author: Texas. Legislature. Senate. Committee on Human Resources
Format: Book
Language:English
Published: Austin, Tex. : The Committee, [1983]
Subjects:

MARC

Tag First Indicator Second Indicator Subfields
LEADER 00000cam a2200000 a 4500
001 in00001069155
005 20150929092944.0
008 840907s1983 txuac s00010 eng d
035 |a (OCoLC)11130411 
035 |9 AFM7359AM 
040 |a IKM  |c IKM  |d UtOrBLW 
043 |a n-us-tx 
049 |a IKMd 
099 9 |a L1803.9  |a H88  |a 68sah 
110 1 |a Texas.  |b Legislature.  |b Senate.  |b Committee on Human Resources. 
245 1 0 |a Safe at home :  |b --breaking the cycle of violence in Texas families : Senate Human Resources Committee 1982 report and recommendations. 
264 1 |a Austin, Tex. :  |b The Committee,  |c [1983] 
300 |a iv, 34 pages :  |b illustrations, portraits ;  |c 28 cm. 
336 |a text  |b txt  |2 rdacontent 
337 |a unmediated  |b n  |2 rdamedia 
338 |a volume  |b nc  |2 rdacarrier 
500 |a "January 11, 1983." 
650 0 |a Family violence  |z Texas. 
650 0 |a Abused wives  |z Texas. 
650 0 |a Abused wives  |x Services for  |z Texas. 
650 0 |a Wife abuse  |z Texas. 
650 0 |a Child abuse  |z Texas. 
650 0 |a Older people  |z Texas  |x Abuse of. 
999 |a MARS 
999 f f |s 4f262647-29ba-33f3-9b9d-21ed74b20445  |i 879d59da-f480-3730-aacc-624b3ac3ed33  |t 0 
952 f f |p normal  |a Texas A&M University  |b College Station  |c Sterling C. Evans Library  |d Evans: Texas Documents (Annex 5th floor)  |t 0  |e L1803.9 H88 68sah  |h Superintendent of Documents classification  |i unmediated -- volume  |m A14815819788 
998 f f |a L1803.9 H88 68sah  |t 0  |l Evans: Texas Documents (Annex 5th floor)